Sharing Innovative Experiences : (Record no. 3107)
[ view plain ]
| 000 -LEADER | |
|---|---|
| fixed length control field | 00626nam a2200193 4500 |
| 003 - CONTROL NUMBER IDENTIFIER | |
| control field | OSt |
| 005 - DATE AND TIME OF LATEST TRANSACTION | |
| control field | 20180423194957.0 |
| 008 - FIXED-LENGTH DATA ELEMENTS--GENERAL INFORMATION | |
| fixed length control field | 160229b xxu||||| |||| 00| 0 eng d |
| 020 ## - INTERNATIONAL STANDARD BOOK NUMBER | |
| International Standard Book Number | 9839747444 |
| 040 ## - CATALOGING SOURCE | |
| Transcribing agency | 040a |
| 082 ## - DEWEY DECIMAL CLASSIFICATION NUMBER | |
| Classification number | 310 |
| Item number | UND 2000 |
| 245 ## - TITLE STATEMENT | |
| Title | Sharing Innovative Experiences : |
| Remainder of title | examples of good practice in social policies, indigenous and traditional knowledge and apprppriate technology in the south |
| 260 ## - PUBLICATION, DISTRIBUTION, ETC. (IMPRINT) | |
| Place of publication, distribution, etc. | New York; |
| Name of publisher, distributor, etc. | Technical cooperation, |
| Date of publication, distribution, etc. | 2000 |
| 300 ## - PHYSICAL DESCRIPTION | |
| Extent | viii, 215p; |
| Other physical details | ill : |
| Dimensions | 12 cm. |
| 504 ## - BIBLIOGRAPHY, ETC. NOTE | |
| Bibliography, etc | includes index |
| 650 ## - SUBJECT ADDED ENTRY--TOPICAL TERM | |
| Topical term or geographic name as entry element | Creativity |
| 9 (RLIN) | 5784 |
| 650 ## - SUBJECT ADDED ENTRY--TOPICAL TERM | |
| Topical term or geographic name as entry element | Technology |
| 9 (RLIN) | 1144 |
| 942 ## - ADDED ENTRY ELEMENTS (KOHA) | |
| Source of classification or shelving scheme | Dewey Decimal Classification |
| Koha item type | Short Loan |
| Withdrawn status | Lost status | Source of classification or shelving scheme | Damaged status | Not for loan | Home library | Current library | Date acquired | Inventory number | Total Checkouts | Full call number | Barcode | Date last seen | Koha item type |
|---|---|---|---|---|---|---|---|---|---|---|---|---|---|
| Dewey Decimal Classification | MUST Main Library | MUST Main Library | 29/02/2016 | 01/16152 | 310 UND 2000 | 2016-0262 | 29/02/2016 | Short Loan |
